Crisis apologética de el viage y manifiesto de difuntos, explicación de el Príncipe de los Montes y resurrección de la poesía española de Don Gómez Arias / (Record no. 153341)
[ view plain ]
| 000 -LEADER | |
|---|---|
| campo de control de longitud fija | 01233nam a2200241 i 4500 |
| 001 - NÚMERO DE CONTROL | |
| campo de control | 153341 |
| 003 - IDENTIFICADOR DE NÚMERO DE CONTROL | |
| campo de control | ES-MaACL |
| 005 - FECHA Y HORA DE LA ÚLTIMA TRANSACCIÓN | |
| campo de control | 20230906205159.0 |
| 008 - DATOS DE LONGITUD FIJA--INFORMACIÓN GENERAL | |
| campo de control de longitud fija | 050728s1734 sp |||| | spa d |
| 100 0# - ENTRADA PRINCIPAL--NOMBRE DE PERSONA | |
| Nombre de persona | Un Ingenio de esta Corte. |
| 9 (RLIN) | 165743 |
| 245 10 - MENCIÓN DEL TÍTULO | |
| Título | Crisis apologética de el viage y manifiesto de difuntos, explicación de el Príncipe de los Montes y resurrección de la poesía española de Don Gómez Arias / |
| Mención de responsabilidad, etc. | escrita por Un Ingenio de esta Corte. |
| 260 ## - PUBLICACIÓN, DISTRIBUCIÓN, ETC. | |
| Lugar de publicación, distribución, etc. | En Madrid : |
| Nombre del editor, distribuidor, etc. | en la imprenta de D. Pedro Joseph Alonso y Padilla, librero de Camara ... : |
| -- | se hallará en casa de Luis Gutierrez, calle de la Montera, |
| Fecha de publicación, distribución, etc. | [1734] |
| 300 ## - DESCRIPCIÓN FÍSICA | |
| Extensión | [16], 40 p. : |
| Otras características físicas | il. ; |
| Dimensiones | 14 cm. |
| 530 ## - NOTA DISPONIBLE DE FORMULARIO FÍSICO ADICIONAL | |
| Nota de formato físico adicional disponible | Disponible en formato digital. |
| 594 ## - Nota al título y mención de responsabilidad | |
| Nota al título y mención de responsabilidad | En la censura y la licencia consta que el autor es Gómez Arias. |
| 596 ## - NOTA AL PIE DE IMPRENTA | |
| NOTA AL PIE DE IMPRENTA | Fecha de la fe de erratas, 1734. |
| 597 ## - NOTA DE DESCRIPCIÓN FÍSICA | |
| NOTA DE DESCRIPCIÓN FÍSICA | Sign.: ¶\8s, A-B8, C4. |
| 597 ## - NOTA DE DESCRIPCIÓN FÍSICA | |
| NOTA DE DESCRIPCIÓN FÍSICA | Il. xil. en última p. |
| 600 14 - PUNTO DE ACCESO ADICIONAL DE MATERIA--NOMBRE DE PERSONA | |
| Nombre de persona | Arias, Gomez. |
| 9 (RLIN) | 125699 |
| 650 #4 - PUNTO DE ACCESO ADICIONAL DE MATERIA--TÉRMINO DE MATERIA | |
| Término de materia o nombre geográfico como elemento de entrada | Poesía española- |
| Subdivisión cronológica | S.XVIII. |
| 9 (RLIN) | 165841 |
| 852 ## - LOCALIZACIÓN | |
| Ubicación | ES-MaACL |
| Número de control de estantería | R-535(2) |
| Nota libre | - Enc. piel, no original de la época |
| Encuadernación | Olim: G-518 |
| 856 ## - LOCALIZACIÓN Y ACCESO ELECTRÓNICOS | |
| Identificador Uniforme de Recursos | <a href="https://bvpb.mcu.es/es/consulta/registro.do?id=577762 ">https://bvpb.mcu.es/es/consulta/registro.do?id=577762 </a> |
| Nota pública | Biblioteca Virtual del Patrimonio Bibliográfico |
| Estatus retirado | Estado de pérdida | Estado de daño | No para préstamo | Colección | Biblioteca de origen | Biblioteca actual | Ubicación en estantería | Fecha de adquisición | Fuente de adquisición | Total de préstamos | Signatura topográfica completa | Código de barras | Visto por última vez | Precio de reemplazo | Tipo de ítem Koha |
|---|---|---|---|---|---|---|---|---|---|---|---|---|---|---|---|
| Colección digital | Biblioteca del Ateneo de Madrid | Biblioteca del Ateneo de Madrid | Depósito | 17/01/2008 | R-535(2) | 1160251 | 23/02/2023 | 23/02/2023 | Libro impreso antiguo |
